[Event "Peter Stuart Memorial Open"]
[Site "Auckland NZL"]
[Date "2018.08.26"]
[Round "4"]
[White "Steadman, Michael V R"]
[Black "Browne, Jeremy A"]
[Result "1-0"]
[WhiteElo "2233"]
[BlackElo "2086"]
[PlyCount "83"]
[EventDate "2018.08.25"]

{Jeremy Browne arrived just over 30 minutes late for this game and was duly
defaulted, so the result on Vega is 1F-0F. However, they proceeded to play a
game anyway...} 1. d4 e6 2. Nf3 Nf6 3. Bg5 d5 4. e3 c5 5. c3 Nc6 6. Bd3 Bd7 7.
Nbd2 Be7 8. Ne5 cxd4 9. exd4 Nxe5 10. dxe5 Ng8 11. Be3 Qc7 12. Nf3 a6 13. a4
Bc5 14. Qd2 Ne7 15. h4 h5 16. O-O g6 17. Bg5 Nf5 18. Bf6 Rg8 19. Bxf5 gxf5 20.
Qh6 Bc6 21. Qh7 Rg6 22. Ng5 Rxf6 23. exf6 O-O-O 24. b4 Ba7 25. b5 Be8 26. Qxh5
Bb8 27. Nf3 axb5 28. axb5 Bxb5 29. Rfe1 Bd3 30. g3 Be4 31. Ng5 Qb6 32. Qxf7 e5
33. Ra8 f4 34. Qe6+ Qxe6 35. Nxe6 Rd7 36. Nc5 Rf7 37. Nxe4 dxe4 38. Rxe4 fxg3
39. fxg3 Rxf6 40. Rc4+ Rc6 41. Rxc6+ bxc6 42. h5 1-0

[Event "Peter Stuart Memorial Open"]
[Site "Auckland NZL"]
[Date "2018.08.26"]
[Round "4"]
[White "Hart, Ralph"]
[Black "Capel, Evan T"]
[Result "0-1"]
[WhiteElo "2176"]
[BlackElo "2135"]
[PlyCount "144"]
[EventDate "2018.08.25"]

1. e4 d5 2. exd5 Qxd5 3. Nc3 Qa5 4. g3 Nf6 5. Bg2 Bg4 6. Nge2 c6 7. h3 Bh5 8.
O-O e6 9. d3 Be7 10. Rb1 O-O 11. g4 Bg6 12. f4 h6 13. Qe1 Qc7 14. Ng3 Re8 15.
Qf2 Nbd7 16. Kh1 Bc5 17. Qf3 Rad8 18. Bd2 Nf8 19. Rbe1 Bh7 20. f5 Bd4 21. fxe6
Rxe6 22. Nf5 Bxf5 23. gxf5 Rxe1 24. Rxe1 Kh8 25. Nd1 Re8 26. c3 Rxe1+ 27. Bxe1
Be5 28. Ne3 N8h7 29. Ng4 Bd6 30. Bf2 Qa5 31. a3 Qb5 32. Nxf6 Nxf6 33. Qe2 Qxf5
34. Bxa7 Qf4 35. Kg1 Qh2+ 36. Kf1 Qf4+ 37. Bf2 Qc1+ 38. Be1 Bf4 39. Kf2 g6 40.
Bf3 Bg5 41. Kg2 Be3 42. Bf2 Bxf2 43. Qxf2 Qg5+ 44. Kf1 Nh7 45. Ke2 Qc1 46. Qd4+
Kg8 47. Qb4 Ng5 48. Qxb7 Kg7 49. Bxc6 Nxh3 50. Qc7 Qxb2+ 51. Kf3 Qxc3 52. Qd6
Ng5+ 53. Ke3 Ne6 54. a4 Qe1+ 55. Kf3 g5 56. Be4 Qd1+ 57. Kg3 Qg1+ 58. Bg2 Qe3+
59. Kh2 Nf4 60. a5 Ne2 61. a6 Qg1+ 62. Kh3 Nf4+ 63. Kg4 Qxg2+ 64. Kf5 Qh3+ 65.
Ke4 Ne6 66. Qe5+ Kg6 67. d4 Qh1+ 68. Kd3 Qf1+ 69. Ke4 Qxa6 70. Qf5+ Kg7 71. Ke5
Qe2+ 72. Kd5 Qb5+ 0-1

[Event "Peter Stuart Memorial Open"]
[Site "Auckland NZL"]
[Date "2018.08.26"]
[Round "4"]
[White "Morrell, Gordon"]
[Black "Hague, Ben"]
[Result "0-1"]
[WhiteElo "2080"]
[BlackElo "2404"]
[PlyCount "56"]
[EventDate "2018.08.25"]

1. e4 c5 2. Nf3 Nc6 3. d4 cxd4 4. Nxd4 e5 5. Nb5 d6 6. c4 Be7 7. N5c3 Nf6 8.
Bd3 Nd7 9. Nd5 Nc5 10. O-O O-O 11. Nbc3 Bg5 12. Kh1 Bxc1 13. Rxc1 f5 14. exf5
Nxd3 15. Qxd3 Bxf5 16. Ne4 Qh4 17. f3 Nd4 18. Rce1 Kh8 19. Qd1 Rad8 20. Kg1 Be6
21. Nec3 Rf5 22. Re4 Qh6 23. Qc1 Rg5 24. f4 Rg4 25. g3 Bf5 26. Ree1 Bd3 27. Ne3
Rg6 28. Rf2 exf4 0-1

[Event "Peter Stuart Memorial Open"]
[Site "Auckland NZL"]
[Date "2018.08.26"]
[Round "4"]
[White "Ang, Alphaeus Wei Ern"]
[Black "Runcan, Daniel-Ioan"]
[Result "1-0"]
[WhiteElo "2151"]
[BlackElo "1943"]
[PlyCount "89"]
[EventDate "2018.08.25"]

1. d4 Nf6 2. c4 g6 3. Nc3 Bg7 4. e4 d6 5. Be2 O-O 6. Be3 Nbd7 7. g4 e5 8. dxe5
Nxe5 9. g5 Ne8 10. f4 Nc6 11. Qd2 Be6 12. O-O-O Na5 13. b3 Nc6 14. Nf3 a5 15.
a3 Qb8 16. Nb5 Nb4 17. axb4 axb4 18. Bd4 Ra6 19. Bxg7 Nxg7 20. Qxb4 c6 21. Nxd6
Qa7 22. c5 Ra2 23. Nd4 Ra8 24. Bd3 Rf2 25. Nc2 Bh3 26. Kb2 Ne6 27. Ra1 Qb8 28.
Rxa8 Qxa8 29. Ra1 Qb8 30. Qxb7 Qxb7 31. Nxb7 Rxf4 32. Nb4 Nxg5 33. Nxc6 Nxe4
34. Bxe4 Rxe4 35. Nd6 Re2+ 36. Ka3 Rxh2 37. b4 Be6 38. b5 Rc2 39. b6 Rc3+ 40.
Ka4 Bd7 41. Kb4 Rc2 42. Kb3 Rxc5 43. b7 Rxc6 44. b8=Q+ Kg7 45. Ne8+ 1-0

[Event "Peter Stuart Memorial Open"]
[Site "Auckland NZL"]
[Date "2018.08.26"]
[Round "4"]
[White "Duneas, John"]
[Black "Punsalan, Vyanla M"]
[Result "1-0"]
[WhiteElo "2020"]
[BlackElo "1914"]
[PlyCount "95"]
[EventDate "2018.08.25"]

1. d4 f5 2. e4 fxe4 3. f3 e3 4. Bxe3 Nf6 5. c4 e6 6. Nc3 d5 7. Bd3 Bd6 8. Nge2
c6 9. O-O O-O 10. Qd2 Nh5 11. c5 Bc7 12. Bg5 Qe8 13. f4 Na6 14. a3 Qf7 15. Qc2
Nf6 16. Rf3 g6 17. Bh6 Bd7 18. Bxf8 Rxf8 19. b4 Qg7 20. Raf1 Qh6 21. Qd2 e5 22.
dxe5 Bxe5 23. h3 Bb8 24. g4 Bxg4 25. hxg4 Nxg4 26. Ng3 Nc7 27. Re1 Ne8 28. Qe2
Kh8 29. Qg2 Bxf4 30. Nf1 Nef6 31. Re7 Be5 32. Ne2 Bb2 33. Rxb7 Re8 34. Rf4 Qg5
35. Qg3 Be5 36. Rf7 Kg8 37. R7xf6 Bxf6 38. Qxg4 Qe5 39. Qf3 Bg5 40. Rg4 Bf6 41.
Qg3 Qb2 42. Ba6 Be5 43. Qd3 {(possibly... legible scoresheet says f3 but that
is subsequently implausible..)} Rf8 44. Rg2 Qa1 45. Rf2 Re8 46. Bb7 Bf6 47.
Bxc6 Bh4 48. Bxd5+ 1-0

[Event "Peter Stuart Memorial Open"]
[Site "Auckland NZL"]
[Date "2018.08.26"]
[Round "4"]
[White "Lim, Benjamin U"]
[Black "McLaren, Leonard J"]
[Result "1-0"]
[WhiteElo "1901"]
[BlackElo "2218"]
[PlyCount "155"]
[EventDate "2018.08.25"]

1. e4 c5 2. Nf3 d6 3. d4 cxd4 4. Nxd4 Nf6 5. Nc3 e6 6. Be2 Be7 7. O-O O-O 8.
Be3 Nc6 9. Nb3 a6 10. f4 Qc7 11. a4 b6 12. f5 Re8 13. fxe6 fxe6 14. Qe1 Nb4 15.
Rc1 Kh8 16. Nd4 d5 17. exd5 exd5 18. Qd2 Bc5 19. Bf4 Qa7 20. Kh1 b5 21. Bxb5
axb5 22. Ndxb5 Qd7 23. Nc7 Ba6 24. Nxe8 Rxe8 25. Rfe1 d4 26. Rxe8+ Qxe8 27. Re1
Qg6 28. Nb5 Ne4 29. Qe2 Bb7 30. Rf1 h6 31. Be5 d3 32. cxd3 Nxd3 33. Bd4 Be7 34.
Rf3 Nb4 35. Rf1 Nc6 36. Bb6 Ne5 37. Bc7 Ng4 38. h3 Ngf6 39. Nd4 Nh5 40. Nf5 Bc5
41. Be5 Qxf5 42. Rxf5 Nhg3+ 43. Bxg3 Nxg3+ 44. Kh2 Nxe2 45. Rxc5 Nf4 46. Rc7
Bd5 47. a5 Nd3 48. Rd7 Bc4 49. Rd4 Nxb2 50. Rd6 Nd3 51. a6 Bxa6 52. Rxa6 h5 53.
Kg3 Kh7 54. Ra5 Kh6 55. Rb5 g5 56. Rb6+ Kg7 57. h4 g4 58. Rb5 Kg6 59. Rg5+ Kh6
60. Rd5 Nc1 61. Rd2 Nb3 62. Rd6+ Kg7 63. Kf4 Nc5 64. Ke5 Nb3 65. Rd5 Nc1 66.
Rd2 Kg6 67. Ke4 Nb3 68. Rd6+ Kg7 69. Kf5 Nc5 70. Rg6+ Kh7 71. Rc6 Nd3 72. Kg5
Ne1 73. Rc7+ Kg8 74. Kxh5 g3 75. Kg4 Nxg2 76. Kxg3 Ne3 77. Rc5 Kg7 78. Kf3 1-0

[Event "Peter Stuart Memorial Open"]
[Site "Auckland NZL"]
[Date "2018.08.26"]
[Round "4"]
[White "Garbett, Paul A"]
[Black "Morris, Byron"]
[Result "1-0"]
[WhiteElo "2213"]
[BlackElo "1697"]
[PlyCount "51"]
[EventDate "2018.08.25"]

1. e4 g6 2. d4 Bg7 3. Nc3 d6 4. f4 Nc6 5. Be3 h5 6. Nf3 Nh6 7. Qd2 Ng4 8. Bg1
e5 9. dxe5 dxe5 10. Qxd8+ Kxd8 11. O-O-O+ Bd7 12. h3 Nh6 13. Be3 Rc8 14. Na4
Ke7 15. Nc5 Be6 16. fxe5 b6 17. Bg5+ Kf8 18. Nxe6+ fxe6 19. Ba6 Rb8 20. Bb5
Nxe5 21. Nxe5 Bxe5 22. Rhf1+ Kg8 23. Bd7 Rh7 24. Bxe6+ Kh8 25. Rd5 Bg7 26. Rfd1
1-0

[Event "Peter Stuart Memorial Open"]
[Site "Auckland NZL"]
[Date "2018.08.26"]
[Round "4"]
[White "Hair, Philip I"]
[Black "Krstev, Antonio"]
[Result "0-1"]
[WhiteElo "1829"]
[BlackElo "1986"]
[PlyCount "76"]
[EventDate "2018.08.25"]

1. e4 e6 2. e5 d6 3. exd6 cxd6 4. g3 Bd7 5. Bg2 Bc6 6. Nf3 Be7 7. O-O h5 8. h4
g5 9. Nxg5 Bxg5 10. Bxc6+ Nxc6 11. hxg5 Qxg5 12. d4 Qf5 13. Nc3 Nge7 14. Bf4
O-O-O 15. d5 exd5 16. Nb5 Qg6 17. Qd3 Qxd3 18. cxd3 Nf5 19. Rac1 Kd7 20. Rfe1
d4 21. Re4 a6 22. Na3 b5 23. Nc2 d5 24. Re2 Rde8 25. Rxe8 Rxe8 26. Kf1 f6 27.
a3 Rc8 28. Re1 a5 29. Re2 Nce7 30. Ne1 Ng6 31. Bd2 Ra8 32. Nf3 Nge7 33. Kg2 Nc6
34. Nh4 Nxh4+ 35. gxh4 b4 36. axb4 axb4 37. Bh6 Ne5 38. f4 Nf7 0-1

[Event "Peter Stuart Memorial Open"]
[Site "Auckland NZL"]
[Date "2018.08.26"]
[Round "4"]
[White "Nagorski, Alex"]
[Black "Mistry, Prashant"]
[Result "1/2-1/2"]
[WhiteElo "1819"]
[BlackElo "1929"]
[PlyCount "161"]
[EventDate "2018.08.25"]

1. c4 c5 2. Nc3 Nc6 3. g3 e6 4. Nf3 Nge7 5. d4 cxd4 6. Nxd4 Nxd4 7. Qxd4 Nc6 8.
Qd2 Bc5 9. a3 O-O 10. Bg2 Nd4 11. Rb1 Nb3 12. Qc2 Nxc1 13. Rxc1 Rb8 14. b4 Be7
15. O-O a5 16. c5 b6 17. bxa5 bxc5 18. Na4 Qxa5 19. Nxc5 Qxa3 20. Rfd1 Rb2 21.
Qc3 Bxc5 22. Qxc5 Qxc5 23. Rxc5 Rxe2 24. Rdc1 Ba6 25. Ra1 Bd3 26. Rd1 Rc2 27.
Rxc2 Bxc2 28. Rxd7 g6 29. h4 Rb8 30. Bf3 Rb3 31. Kg2 h5 32. Rd4 Bf5 33. Ra4 Kg7
34. Rf4 Kf6 35. Rc4 Ke5 36. Rc7 f6 37. Rc4 Bd3 38. Ra4 Bb5 39. Re4+ Kd6 40.
Rd4+ Ke7 41. Rd1 f5 42. Re1 Kf6 43. Re3 Rxe3 44. fxe3 Ke5 45. Kf2 Bd3 46. Bc6
Be4 47. Be8 Kf6 48. Bb5 Bd5 49. Be8 e5 50. Bb5 e4 51. Be8 Bg8 52. Bb5 Bf7 53.
Bc6 Ke5 54. Ba4 Kd6 55. Bb5 Kc5 56. Ba6 Bc4 57. Bb7 Kd6 58. Ke1 Ke5 59. Bc6 Bf7
60. Kf2 Kf6 61. Bb5 g5 62. hxg5+ Kxg5 63. Bd7 Bg6 64. Bc8 Kf6 65. Bb7 Ke5 66.
Ba6 Kd6 67. Bb5 Kc5 68. Ba6 Kb4 69. Ke2 Kc3 70. Kf2 Kd2 71. Bb5 f4 72. gxf4 Bf5
73. Bf1 h4 74. Bg2 h3 75. Bxe4 Bxe4 76. Kg3 Bf5 77. e4 Bg4 78. f5 Ke3 79. f6
Be6 80. f7 Bxf7 81. Kxh3 1/2-1/2

[Event "Peter Stuart Memorial Open"]
[Site "Auckland NZL"]
[Date "2018.08.26"]
[Round "4"]
[White "Zhang, Jasmine Haomo"]
[Black "Jin, Owen"]
[Result "1-0"]
[WhiteElo "1907"]
[BlackElo "1608"]
[PlyCount "125"]
[EventDate "2018.08.25"]

1. d4 Nf6 2. c4 e6 3. a3 d5 4. Nc3 c6 5. Bg5 Be7 6. e3 O-O 7. Nf3 Nbd7 8. Qc2
b6 9. cxd5 cxd5 10. Bd3 h6 11. Bf4 Bb7 12. Qe2 a6 13. Ne5 Nxe5 14. Bxe5 Ne4 15.
Rc1 Nxc3 16. Rxc3 Bd6 17. Bxd6 Qxd6 18. O-O b5 19. b4 Rfc8 20. Rc5 Rxc5 21.
bxc5 Qd7 22. Qb2 Bc6 23. Rb1 f5 24. g3 g5 25. Qe2 Kg7 26. h3 Qf7 27. Kh2 Qc7
28. Qd2 Qd8 29. Kg2 h5 30. Qe2 g4 31. a4 bxa4 32. Rb6 Qd7 33. Bxa6 Ra7 34. Qb2
Kg6 35. Qb1 Kg7 36. f3 Rc7 37. hxg4 hxg4 38. fxg4 fxg4 39. Qd1 e5 40. Be2 Qf5
41. Bxg4 Qe4+ 42. Qf3 Qc2+ 43. Qf2 Qc3 44. Bh5 exd4 45. exd4 a3 46. Rb8 Be8 47.
Rxe8 Qb2 48. Qxb2 axb2 49. Rb8 Kh6 50. Bf3 b1=Q 51. Rxb1 Rd7 52. c6 Rd6 53. Rc1
Rd8 54. c7 Rc8 55. Bg4 Ra8 56. c8=Q Ra2+ 57. Kh3 Ra7 58. Qf8+ Kg5 59. Qf5+ Kh6
60. Rc6+ Kg7 61. Qg6+ Kf8 62. Rc8+ Ke7 63. Qe6# 1-0

[Event "Peter Stuart Memorial Open"]
[Site "Auckland NZL"]
[Date "2018.08.26"]
[Round "4"]
[White "Qin, Nicole Shu Yu"]
[Black "Johns, Daniel P"]
[Result "1/2-1/2"]
[WhiteElo "1696"]
[BlackElo "1903"]
[PlyCount "76"]
[EventDate "2018.08.25"]

1. d4 Nf6 2. c4 e6 3. Nc3 d5 4. e3 c5 5. Nf3 Nc6 6. a3 cxd4 7. exd4 a6 8. Bg5
Be7 9. cxd5 Nxd5 10. Bxe7 Ncxe7 11. Be2 O-O 12. O-O Nf4 13. Bc4 b5 14. Bb3 Bb7
15. Bc2 Rc8 16. Be4 Ned5 17. Nxd5 Bxd5 18. Bxd5 Nxd5 19. Qd2 Qd6 20. Rfc1 Qf4
21. Qd1 Nb6 22. h3 Rfd8 23. Rxc8 Rxc8 24. Qb3 Rc1+ 25. Rxc1 Qxc1+ 26. Kh2 Qc4
27. Qd1 f6 28. Qe1 Qc6 29. Qe2 Kf7 30. Qd3 g6 31. Qd2 Kg7 32. Qe2 Nd5 33. Qd2
Ne7 34. Qb4 Nd5 35. Qd2 Ne7 36. Qb4 Nf5 37. Qd2 Nd6 38. Qb4 Nf5 1/2-1/2

[Event "Peter Stuart Memorial Open"]
[Site "Auckland NZL"]
[Date "2018.08.26"]
[Round "4"]
[White "Ha, Huy Minh (Timothy)"]
[Black "Wright, Caleb"]
[Result "0-1"]
[WhiteElo "1707"]
[BlackElo "1878"]
[PlyCount "116"]
[EventDate "2018.08.25"]

1. c4 e6 2. g3 d5 3. Bg2 Nf6 4. d4 c6 5. Nf3 Nbd7 6. cxd5 exd5 7. O-O Be7 8.
Nc3 O-O 9. Qc2 Re8 10. Bf4 Nf8 11. Rfe1 Ne6 12. Bd2 g6 13. Rad1 Ng7 14. Bf4 Nf5
15. a3 Nd6 16. Nd2 Bf5 17. Qb3 Qd7 18. e4 dxe4 19. Ndxe4 Ndxe4 20. Nxe4 Be6 21.
Nxf6+ Bxf6 22. Qb4 Be7 23. Qc3 Bf6 24. Be5 Be7 25. Bf4 Rad8 26. Be3 Bd5 27. Qa5
Bxg2 28. Kxg2 b6 29. Qa4 Bf6 30. Qb3 Qd5+ 31. Qxd5 Rxd5 32. Rd2 Bxd4 33. Rxd4
Rxd4 34. Bxd4 Rxe1 35. Kf3 Kf8 36. Bc3 Rd1 37. Ke2 Rd5 38. g4 Ke7 39. f3 Ke6
40. h3 h5 41. Ke3 Rd1 42. Kf4 Rf1 43. gxh5 gxh5 44. h4 f6 45. Kg3 Kf5 46. Kg2
Rd1 47. Kf2 c5 48. Kg3 Rg1+ 49. Kf2 Rh1 50. Kg3 Ke6 51. Bd2 Rd1 52. Bc3 Rd4 53.
Kh3 Kd5 54. Kg3 b5 55. Be1 Kc4 56. Kg2 b4 57. axb4 cxb4 58. Kg3 a5 0-1

[Event "Peter Stuart Memorial Open"]
[Site "Auckland NZL"]
[Date "2018.08.26"]
[Round "4"]
[White "Liu, Xinyang"]
[Black "Aguilar, Juni"]
[Result "1/2-1/2"]
[WhiteElo "1694"]
[BlackElo "1842"]
[PlyCount "119"]
[EventDate "2018.08.25"]

1. e4 Nc6 2. d4 e5 3. Nf3 exd4 4. Nxd4 Nge7 5. Nc3 g6 6. Be3 Bg7 7. Qd2 O-O 8.
O-O-O d6 9. Bc4 Na5 10. Be2 Nac6 11. h4 Nxd4 12. Bxd4 h6 13. Be3 Kh7 14. h5 g5
15. f4 gxf4 16. Bxf4 Be6 17. Bd3 f5 18. Ne2 Qd7 19. c3 Qa4 20. Qc2 Qxc2+ 21.
Kxc2 Kh8 22. a3 a5 23. a4 Rf7 24. g3 Bd7 25. b3 Bc6 26. Nd4 fxe4 27. Be2 Bd7
28. Rhf1 Raf8 29. Rde1 Kh7 30. Nb5 Bxb5 31. Bxb5 c6 32. Be2 Nd5 33. Bc4 Rxf4
34. gxf4 Nxc3 35. Rg1 Bd4 36. Rg3 Bf2 37. Rxc3 Bxe1 38. Re3 Bh4 39. Rxe4 d5 40.
Rd4 dxc4 41. bxc4 Rf7 42. Kd3 Kg7 43. Ke4 Bg3 44. Kf3 Rxf4+ 45. Rxf4 Bxf4 46.
Kxf4 Kf6 47. c5 Ke6 48. Ke4 Kf6 49. Kf4 Ke6 50. Ke4 Kd7 51. Kf5 b5 52. cxb6 c5
53. Ke4 Kc6 54. Ke5 Kb7 55. Ke4 Ka6 56. Ke5 Kb7 57. Ke4 Kc6 58. Ke5 Kb7 59. Ke4
Ka6 60. Ke5 1/2-1/2

[Event "Peter Stuart Memorial Open"]
[Site "Auckland NZL"]
[Date "2018.08.26"]
[Round "4"]
[White "Meng, Richard"]
[Black "Thornton, Giovanni A"]
[Result "1/2-1/2"]
[WhiteElo "1843"]
[BlackElo "2131"]
[PlyCount "94"]
[EventDate "2018.08.25"]

1. c4 e5 2. Nc3 Bb4 3. Nd5 Be7 4. d4 d6 5. e4 Nc6 6. Nxe7 Qxe7 7. d5 Nd4 8. Be3
f5 9. Bxd4 exd4 10. Qxd4 fxe4 11. O-O-O Qg5+ 12. Qd2 Qxd2+ 13. Kxd2 Nf6 14. Re1
O-O 15. f3 Bf5 16. g4 exf3 17. gxf5 f2 18. Re7 fxg1=Q 19. Rxg1 Rf7 20. Rxf7
Kxf7 21. Bd3 Re8 22. b4 Ne4+ 23. Kc2 Nf2 24. f6 Nxd3 25. Kxd3 gxf6 26. Rg3 f5
27. Rh3 Kg6 28. Rg3+ Kf6 29. Rf3 Re7 30. b5 Kg5 31. Rg3+ Kf4 32. Rh3 Kg5 33.
Rg3+ Kf6 34. Rf3 c6 35. dxc6 bxc6 36. bxc6 Rc7 37. Kd4 Rxc6 38. Ra3 Rc7 39. Kd5
Rc5+ 40. Kd4 Rc7 41. Kd5 Rc5+ 42. Kd4 a5 43. Rh3 Kg6 44. Re3 Kf6 45. Rh3 Kg6
46. Re3 Kf6 47. Rh3 Kg6 1/2-1/2

[Event "Peter Stuart Memorial Open"]
[Site "Auckland NZL"]
[Date "2018.08.26"]
[Round "4"]
[White "Post, Martin J"]
[Black "Isaac, Ceferino"]
[Result "1-0"]
[WhiteElo "1814"]
[BlackElo "1965"]
[PlyCount "99"]
[EventDate "2018.08.25"]

1. Nf3 Nf6 2. c4 b6 3. Nc3 Bb7 4. d4 e6 5. e3 Bb4 6. Bd2 O-O 7. Bd3 d5 8. O-O
dxc4 9. Bxc4 Nbd7 10. a3 Bxc3 11. Bxc3 Ne4 12. Rc1 Ndf6 13. Be1 Qe7 14. Bb4 c5
15. dxc5 bxc5 16. Ba5 Rac8 17. Qe2 Nd5 18. Rfd1 Nd6 19. Ba2 Ne4 20. Bb1 Ndf6
21. Ne5 Nd6 22. Qd3 Nf5 23. g4 Nxg4 24. Nxg4 Qg5 25. h3 h5 26. f4 Qh4 27. e4
hxg4 28. Be1 Rcd8 29. Qc3 Rxd1 30. Rxd1 Qh5 31. exf5 Bf3 32. Rd2 gxh3 33. Bg3
Qg4 34. Kh2 Rb8 35. fxe6 fxe6 36. Qd3 Bd5 37. f5 Rb3 38. Qxb3 Bxb3 39. Rd8+ Kf7
40. fxe6+ Bxe6 41. Rd2 Qf3 42. Rf2 Qxf2+ 43. Bxf2 c4 44. Bxa7 g5 45. Bf2 g4 46.
a4 Bd7 47. a5 Ke6 48. a6 Kd5 49. Kg3 Ke6 50. Bg1 1-0

[Event "Peter Stuart Memorial Open"]
[Site "Auckland NZL"]
[Date "2018.08.26"]
[Round "4"]
[White "Vickers, Josia"]
[Black "Weng, Xintong (Winston)"]
[Result "1-0"]
[WhiteElo "1908"]
[BlackElo "1621"]
[PlyCount "117"]
[EventDate "2018.08.25"]

1. e4 c5 2. c4 Nc6 3. Nc3 g6 4. g3 Bg7 5. Bg2 e5 6. d3 Nge7 7. Nge2 O-O 8. Be3
d6 9. Qd2 f5 10. O-O Be6 11. f4 Qd7 12. Kh1 Rab8 13. Rad1 fxe4 14. Bxe4 Nf5 15.
Bg1 Nfd4 16. Nxd4 exd4 17. Nd5 Ne7 18. Nxe7+ Qxe7 19. Rfe1 Qd7 20. Qg2 Kh8 21.
Bd5 Bxd5 22. Qxd5 Rfe8 23. b4 Qc7 24. b5 b6 25. Kg2 Qd7 26. h3 Rbd8 27. a4 Rb8
28. Ra1 Qc7 29. Re4 Bf8 30. Rae1 Qd7 31. Re6 Rxe6 32. Qxe6 Qxe6 33. Rxe6 a6 34.
Kf3 axb5 35. axb5 Ra8 36. g4 Kg7 37. Bf2 Kf7 38. f5 Ra1 39. Bg3 gxf5 40. gxf5
Rf1+ 41. Ke4 Rh1 42. Bxd6 Bxd6 43. Rxd6 Rxh3 44. Rxb6 Re3+ 45. Kd5 Rxd3 46.
Kxc5 Rd1 47. Rd6 d3 48. b6 d2 49. Kc6 Rc1 50. Rxd2 Rxc4+ 51. Kb7 Kf6 52. Rh2
Kxf5 53. Rxh7 Ke6 54. Kb8 Kd6 55. Rc7 Rb4 56. b7 Rh4 57. Rc1 Kd7 58. Ra1 Rb4
59. Ka7 1-0